Daily Capital City Riddle #173 - Statistics

General Stats
  • This quiz has been taken 20 times
  • The average score is 29 of 33
Answer Stats
Type Answer % Correct
Correctly Placed Letter A
100%
Found Letter A
100%
Alphabet Letter B
100%
Found Letter N
100%
Alphabet Letter O
100%
Alphabet Letter S
100%
Alphabet Letter T
100%
Correctly Placed Letter A
94%
Alphabet Letter C
94%
Alphabet Letter D
94%
Alphabet Letter E
94%
Alphabet Letter H
94%
Alphabet Letter I
94%
Alphabet Letter L
94%
Alphabet Letter M
94%
Found Letter R
94%
Alphabet Letter V
94%
Alphabet Letter W
94%
Alphabet Letter G
89%
Alphabet Letter J
89%
Alphabet Letter U
89%
Correctly Placed Letter A
83%
Found Letter K
83%
Alphabet Letter P
83%
Alphabet Letter Y
83%
Correctly Placed Letter K
78%
Alphabet Letter X
78%
Correctly Placed Letter R
72%
Alphabet Letter Z
72%
Mystery Capital Ankara
67%
Alphabet Letter F
67%
Correctly Placed Letter N
67%
Alphabet Letter Q
67%
No matching quizzes found
Score Distribution
Percent of People with Each Score
Percentile by Number Answered
Your Score History
You have not taken this quiz